Movies by Difficulty (Horror Edition) Quiz Stats

 Plays Quiz Updated Oct 15, 2017

Challenge
Share
Tweet
Score 0/40 Timer 12:00
1 Play Today
% Correct
The Exorcist
97%
The Shining
94.1%
A Nightmare on Elm Street
92.1%
The Ring
89.2%
Halloween
88.7%
Psycho
86.7%
Scream
85.7%
Saw
85.3%
Paranormal Activity
82.9%
The Omen
81.8%
Get Out
63.2%
Friday the 13th
54.4%
The Mist
51.6%
The Fly
51.3%
Final Destination
46.8%
The Descent
45.6%
Jeepers Creepers
44.4%
The Babadook
40.1%
Insidious
39.3%
Candyman
35.9%
% Correct
Event Horizon
27.9%
Oculus
23.9%
Audition
22.7%
Silent Hill
19.5%
Dead Silence
18.3%
Wolf Creek
17%
Stir of Echoes
15.8%
Lights Out
12%
The Serpent and the Rainbow
11.1%
The Devil's Backbone
9.1%
Shutter
7.2%
Pontypool
6.6%
The Loved Ones
5.2%
Session 9
5.1%
Grave Encounters
4.3%
The Innocents
3.5%
The Girl Next Door
3%
Dead End
2.1%
Chained
1.7%
13 Sins
1.6%

You're not logged in!

Compare scores with friends on all Sporcle quizzes.
OR
Log In

You Might Also Like...

Show Comments

Extras

Top Quizzes Today


Score Distribution

Your Account Isn't Verified!

In order to create a playlist on Sporcle, you need to verify the email address you used during registration. Go to your Sporcle Settings to finish the process.

Report this User

Report this user for behavior that violates our Community Guidelines.

Details: